000 00740nam a2200229 a 4500
999 _c12298
_d12298
001 12298
003 BD-JhCC
005 20210925132050.0
008 210925b2014 bg a|||| ||a| 000 0 Ben d
020 _a9788129521118
035 _a(BD-JhCC)12298
040 _aBD-JhCC
_dBD-JhCC
041 _aBengali
082 _a597.09295492
_bGOS 2014
100 _aগোস্বামী,ড. বিশ্বজিৎ
245 _aসহজ কথায় মাছচাষ /
_cড. বিশ্বজিৎ গোস্বামী।
260 _aঢাকা:
_bদেব পাবলিশিং;
_c২০১৪.
300 _a255 p. :
_bill;
_c21 cm.
650 _aFreashwater Fishes
_zBangladesh
942 _2ddc
_cBK